[Event "Druzynowe Mistrzostwa Polski - II Liga Seniorow"]
[Site "Ustron/Slaski Zwiazek Szachowy"]
[Date "2008.09.08"]
[Round "2.1"]
[White "Mista, Aleksander"]
[Black "Warszawski, Bartosz"]
[Result "1/2-1/2"]
[WhiteTitle "GM"]
[BlackTitle "m"]
[WhiteElo "2539"]
[BlackElo "2277"]

1. e4 c5 2. Nf3 e6 3. d4 cxd4 4. Nxd4 Nc6 5. Nc3 Qc7 6. Be2 a6 7. O-O Nf6 8.
Be3 Bb4 9. Na4 Be7 10. Nxc6 bxc6 11. Nb6 Rb8 12. Nxc8 Qxc8 13. Bd4 c5 14. Be5
Rb6 15. Qd3 d6 16. Bc3 O-O 17. b3 d5 18. exd5 Nxd5 19. Be5 Bf6 20. Bxf6 Nxf6
21. Rfd1 Qc7 22. a4 a5 23. Rd2 h6 24. Rad1 Rb4 25. Qa6 Rd4 26. Rxd4 cxd4 27.
Qc4 Qxc4 28. Bxc4 Rd8 29. c3 e5 30. f4 Ne4 31. fxe5 Nxc3 32. Rd3 Kf8 33. Rf3
Nd5 34. Kf2 Ke7 35. Rg3 Ne3 36. Ke2 Nxc4 37. bxc4 Ke6 38. Rxg7 Kxe5 39. Rxf7
Rb8 40. Re7+ Kd6 41. Rh7 Kc5 42. Rxh6 Kxc4 43. Rc6+ Kd5 44. Ra6 Ke4 45. Re6+
Kd5 46. Rg6 Kc4 47. h4 d3+ 48. Kd2 Rb2+ 49. Ke3 Re2+ 50. Kf3 Re1 51. Rd6 Kc3
52. Rc6+ Kb3 53. Rd6 Kc3 54. Rc6+ Kb3 55. Rd6 Kc2 56. g4 d2 57. g5 d1=Q+ 58.
Rxd1 Rxd1 59. h5 Kb3 60. g6 Rg1 61. Kf4 Kxa4 62. Kf5 Rf1+ 63. Ke6 Re1+ 64. Kf7
Rf1+ 65. Kg7 Kb4 66. h6 a4 67. h7 Rh1 1/2-1/2

[Event "Druzynowe Mistrzostwa Polski - II Liga Seniorow"]
[Site "Ustron/Slaski Zwiazek Szachowy"]
[Date "2008.09.08"]
[Round "2.2"]
[White "Kaim, Piotr"]
[Black "Tomczak, Rafal"]
[Result "1/2-1/2"]
[WhiteTitle "k+"]
[BlackTitle "FM"]
[WhiteElo "2227"]
[BlackElo "2350"]

1. e4 c5 2. Nc3 Nc6 3. Nge2 g6 4. d4 cxd4 5. Nxd4 Bg7 6. Be3 d6 7. Be2 Nf6 8.
O-O O-O 9. Nb3 a6 10. f4 Bd7 11. Bf3 Rc8 12. Kh1 b5 13. a3 Be6 14. Qd2 Nd7 15.
Qf2 Qc7 16. Nd5 Qb8 17. c3 Nf6 18. Nd4 Bxd5 19. exd5 Na5 20. a4 b4 21. cxb4
Qxb4 22. Bd2 Qb6 23. Nc6 Qxf2 24. Rxf2 Nxc6 25. dxc6 d5 26. Rc1 Ne4 27. Bxe4
dxe4 28. Ba5 f5 29. b4 Bd4 30. Re2 Kf7 31. Rc4 e5 32. h4 Ke6 33. b5 Kd5 34.
Rec2 axb5 35. axb5 Ra8 36. Ra4 e3 37. fxe5 Bb6 38. Bxb6 Rxa4 39. Bxe3 Rc4 40.
Rxc4 Kxc4 41. b6 Kb5 42. c7 Kc6 43. e6 Ra8 44. e7 h6 45. Kh2 g5 46. h5 f4 47.
Bc5 g4 48. Bd4 Re8 49. Bg7 Kxb6 50. Bxh6 Kxc7 51. Bxf4+ Kd7 52. Kg3 Kxe7 53.
Kxg4 Rg8+ 54. Bg5+ Ke6 55. g3 Ra8 56. Bf4 Rg8+ 57. Bg5 Ra8 58. Bf4 Rg8+ 1/2-1/2

[Event "Druzynowe Mistrzostwa Polski - II Liga Seniorow"]
[Site "Ustron/Slaski Zwiazek Szachowy"]
[Date "2008.09.08"]
[Round "2.3"]
[White "Budrewicz, Krzysztof"]
[Black "Chalupnik, Marcin"]
[Result "0-1"]
[WhiteTitle "m"]
[BlackTitle "k+"]
[WhiteElo "2333"]
[BlackElo "2244"]

1. d4 Nf6 2. c4 c5 3. d5 b5 4. Nf3 Bb7 5. a4 Qa5+ 6. Bd2 b4 7. Qc2 d6 8. g3
Nbd7 9. Bg2 g6 10. O-O Bg7 11. Bc1 O-O 12. Nbd2 Qc7 13. Rb1 e5 14. dxe6 fxe6
15. Bh3 Rfe8 16. b3 d5 17. cxd5 exd5 18. e3 a5 19. Bb2 c4 20. Bd4 Ba6 21. bxc4
dxc4 22. Rfc1 Rac8 23. Ng5 Qd6 24. Qb2 Re7 25. e4 c3 26. Qb3+ Kh8 27. Ndf3 Nxe4
28. Bxg7+ Kxg7 29. Nxe4 Rxe4 30. Rd1 Bd3 31. Ng5 Re7 32. Rbc1 Nc5 33. Qa2 Rb8
34. Qa1 Nb3 35. Rxc3 Nxa1 36. Rcxd3 Qf6 37. Nf3 b3 38. Nd2 b2 0-1

[Event "Druzynowe Mistrzostwa Polski - II Liga Seniorow"]
[Site "Ustron/Slaski Zwiazek Szachowy"]
[Date "2008.09.08"]
[Round "2.4"]
[White "Rams, Michal"]
[Black "Lisowski, Krzysztof"]
[Result "0-1"]
[WhiteTitle "k"]
[BlackTitle "k"]
[WhiteElo "2244"]
[BlackElo "2199"]

1. e4 c5 2. Nf3 Nc6 3. Bb5 d6 4. O-O Bd7 5. Re1 a6 6. Bf1 Bg4 7. h3 Bxf3 8.
Qxf3 g6 9. d3 Bg7 10. c3 Nf6 11. Na3 O-O 12. Qd1 Nd7 13. f4 b5 14. Nc2 Rb8 15.
d4 cxd4 16. cxd4 e5 17. fxe5 dxe5 18. d5 Nd4 19. Be3 Nxc2 20. Qxc2 Rc8 21. Qd2
f5 22. a4 Nc5 23. Bxc5 Rxc5 24. b4 Rc8 25. axb5 axb5 26. Ra5 Qh4 27. Bd3 Bh6
28. Qe2 fxe4 29. Bxe4 Rc3 30. Ra2 Qg3 31. Rd1 Be3+ 0-1

[Event "Druzynowe Mistrzostwa Polski - II Liga Seniorow"]
[Site "Ustron/Slaski Zwiazek Szachowy"]
[Date "2008.09.08"]
[Round "2.5"]
[White "Migala, Andrzej"]
[Black "Przybyla, Kamil"]
[Result "1/2-1/2"]
[WhiteTitle "I+"]
[BlackTitle "I+"]
[WhiteElo "2091"]
[BlackElo "2134"]

1. e4 c5 2. Nc3 Nc6 3. Bb5 d6 4. Bxc6+ bxc6 5. d3 g6 6. f4 Bg7 7. Nf3 Nh6 8.
O-O O-O 9. Qe1 f6 10. Bd2 Nf7 11. Kh1 e6 12. Qg3 Qc7 13. Rae1 Rb8 14. b3 d5 15.
Na4 c4 16. dxc4 dxc4 17. Nc5 Rb5 18. b4 Rd8 19. Bc3 a5 20. a3 axb4 21. axb4 e5
22. fxe5 fxe5 23. Ng5 Nxg5 24. Qxg5 Re8 25. h4 1/2-1/2

[Event "Druzynowe Mistrzostwa Polski - II Liga Seniorow"]
[Site "Ustron/Slaski Zwiazek Szachowy"]
[Date "2008.09.08"]
[Round "2.6"]
[White "Zajkowska, Olga"]
[Black "Krestianowa, Tatiana"]
[Result "0-1"]
[WhiteTitle "I++"]
[BlackTitle ""]
[WhiteElo "1887"]
[BlackElo "2194"]

1. d4 Nf6 2. c4 e5 3. dxe5 Ng4 4. Nf3 Bc5 5. e3 Nc6 6. Be2 Ncxe5 7. h3 Nxf3+ 8.
Bxf3 Ne5 9. O-O O-O 10. Nc3 Re8 11. b3 a5 12. Bb2 Ra6 13. Ne4 Ba7 14. Bd4 Qh4
15. Bxa7 Nxf3+ 16. Qxf3 Rxe4 17. Bd4 Rg6 18. Rad1 d6 19. Bc3 Bxh3 20. g3 Reg4
21. Kh2 Bxf1+ 22. gxh4 Rxh4+ 0-1

[Event "Druzynowe Mistrzostwa Polski - II Liga Seniorow"]
[Site "Ustron/Slaski Zwiazek Szachowy"]
[Date "2008.09.08"]
[Round "2.7"]
[White "Babik, Tomasz"]
[Black "Juroszek, Tadeusz"]
[Result "0-1"]
[WhiteTitle "k"]
[BlackTitle "m"]
[WhiteElo "2229"]
[BlackElo "2397"]

1. d4 d6 2. Nf3 Bg4 3. e4 Nf6 4. Nc3 e6 5. Be2 Be7 6. Be3 O-O 7. h3 Bh5 8. g4
Bg6 9. Nd2 d5 10. e5 Nfd7 11. O-O c5 12. f4 cxd4 13. Bxd4 Nc6 14. Bf2 Bc5 15.
Nb3 Bb6 16. Kg2 f6 17. exf6 Nxf6 18. Nd4 Bxd4 19. Bxd4 Bxc2 20. Bxf6 Bxd1 21.
Bxd8 Bxe2 22. Nxe2 Raxd8 23. Rad1 Rfe8 24. Nc3 Nb4 25. a3 Nc2 26. Rd3 d4 27.
Nd1 e5 28. fxe5 Rxe5 29. Kg3 Rc8 30. Rf2 b5 31. Nc3 Ne1 32. Rxd4 Re3+ 33. Kf4
Rce8 34. Nxb5 Nd3+ 35. Rxd3 Rxd3 36. Rc2 a6 37. Rc3 Rd2 38. Nc7 Rf8+ 39. Kg3
Rxb2 40. Nxa6 Rb1 41. Nb4 Ra1 42. h4 Ra8 43. Nd5 R1xa3 44. Rxa3 Rxa3+ 45. Kf4
Kf7 46. h5 Ra4+ 47. Kg3 Ke6 48. Nf4+ Kf6 49. Nh3 Ra3+ 50. Kh4 Ra1 51. Kg3 Ke5
52. Ng5 Ra3+ 53. Kh4 h6 54. Nf7+ Kf4 55. Nh8 Ra1 56. Ng6+ Kf3 57. Ne5+ Kg2 58.
g5 Ra4+ 59. Ng4 Kf3 0-1

[Event "Druzynowe Mistrzostwa Polski - II Liga Seniorow"]
[Site "Ustron/Slaski Zwiazek Szachowy"]
[Date "2008.09.08"]
[Round "2.8"]
[White "Dawidow, Jacek"]
[Black "Nurkiewicz, Maciej"]
[Result "1/2-1/2"]
[WhiteTitle "m"]
[BlackTitle "m"]
[WhiteElo "2306"]
[BlackElo "2384"]

1. d4 Nf6 2. c4 g6 3. Nc3 Bg7 4. e4 d6 5. Nge2 O-O 6. Ng3 e5 7. d5 c5 8. Be2
Na6 9. O-O Nc7 10. Rb1 a6 11. a3 Nd7 12. Be3 b6 13. Qd2 Ne8 1/2-1/2

[Event "Druzynowe Mistrzostwa Polski - II Liga Seniorow"]
[Site "Ustron/Slaski Zwiazek Szachowy"]
[Date "2008.09.08"]
[Round "2.9"]
[White "Protaziuk, Grzegorz"]
[Black "Kulesza, Mateusz"]
[Result "0-1"]
[WhiteTitle "m"]
[BlackTitle "k+"]
[WhiteElo "2328"]
[BlackElo "2280"]

1. e4 e6 2. d4 d5 3. e5 c5 4. c3 Qb6 5. Nf3 Bd7 6. Bd3 Bb5 7. O-O Bxd3 8. Qxd3
cxd4 9. cxd4 Nc6 10. Nc3 Nge7 11. Rb1 a5 12. Be3 Ng6 13. h4 h5 14. g3 Qa6 15.
Nb5 Rc8 16. a4 Bb4 17. Ng5 Nge7 18. Bd2 Nf5 19. Rbc1 Be7 20. Qf3 Qb6 21. Be3
Bxg5 22. hxg5 g6 23. Kg2 Kd7 24. Nd6 Rcf8 25. Nxf5 gxf5 26. Rc5 Qb3 27. Rb5
Qxa4 28. Rxb7+ Kc8 29. b3 Qa3 30. Rb5 Kc7 31. Rc1 Rb8 32. Rxb8 Rxb8 33. Qxh5
Qe7 34. Qe2 Qb4 35. Qh5 Qe7 36. g6 fxg6 37. Qxg6 Qe8 38. Qf6 Rxb3 39. Rh1 Rb8
40. Rh7+ Kb6 41. Bc1 Rb7 42. Rh6 Kb5 43. Qh4 Rg7 44. Rf6 Qg8 45. Bb2 Rh7 46.
Qf4 Qh8 47. Rxe6 Rh2+ 48. Kf3 Qh5+ 49. Ke3 Rh1 50. Bc3 Qd1 51. Bd2 0-1

[Event "Druzynowe Mistrzostwa Polski - II Liga Seniorow"]
[Site "Ustron/Slaski Zwiazek Szachowy"]
[Date "2008.09.08"]
[Round "2.10"]
[White "Flasinski, Michal"]
[Black "Sliwerski, Radoslaw"]
[Result "1-0"]
[WhiteTitle "k"]
[BlackTitle "k+"]
[WhiteElo "2236"]
[BlackElo "2165"]

1. e4 c5 2. Nf3 d6 3. d4 cxd4 4. Nxd4 Nf6 5. Nc3 a6 6. f3 e5 7. Nb3 Be6 8. Be3
Be7 9. Qd2 Nbd7 10. g4 h6 11. O-O-O b5 12. Qf2 Rb8 13. h4 Nb6 14. Nc5 b4 15.
N3a4 Nxa4 16. Nxa4 Qa5 17. b3 Nd7 18. Kb1 d5 19. exd5 Bxd5 20. Bd3 Bc6 21. Nb2
Qc7 22. Rhe1 O-O 23. g5 h5 24. Nc4 g6 25. f4 e4 26. Bf1 Ra8 27. f5 a5 28. Bg2
a4 29. Bd4 axb3 30. cxb3 Qb7 31. Ba1 Kh7 32. Qd4 Rg8 33. fxg6+ fxg6 34. Bxe4
Qa6 35. Bxg6+ Kxg6 36. Qd3+ 1-0

[Event "Druzynowe Mistrzostwa Polski - II Liga Seniorow"]
[Site "Ustron/Slaski Zwiazek Szachowy"]
[Date "2008.09.08"]
[Round "2.11"]
[White "Delega, Tomasz"]
[Black "Wojciechowski, Piotr"]
[Result "0-1"]
[WhiteTitle "k"]
[BlackTitle "k"]
[WhiteElo "2075"]
[BlackElo "2247"]

1. d4 Nf6 2. Nf3 e6 3. e3 d5 4. Bd3 c5 5. b3 Nc6 6. O-O Bd6 7. Bb2 O-O 8. Nbd2
cxd4 9. exd4 Qc7 10. a3 e5 11. dxe5 Nxe5 12. Nxe5 Bxe5 13. Bxe5 Qxe5 14. Nf3
Qd6 15. h3 Bd7 16. Qd2 Rfe8 17. Qb4 Qxb4 18. axb4 a6 19. Ra5 Rad8 20. Nd4 Bc8
21. b5 b6 22. Raa1 a5 23. b4 axb4 24. Rfb1 Ne4 25. Rxb4 Nc5 26. Bf1 Bb7 27.
Rbb1 Ra8 28. Rd1 Rxa1 29. Rxa1 g6 30. g3 Ra8 31. Rxa8+ Bxa8 32. Bg2 Ne6 33. c3
Kf8 34. f4 Ke7 35. Kf2 Kd6 36. Ke3 Kc5 37. Bf1 Nxd4 38. cxd4+ Kb4 39. g4 Bb7
40. Be2 Bc8 41. Bf3 Be6 42. Be2 f6 43. Bf1 g5 44. f5 Bf7 45. Be2 h6 46. Bf1 h5
47. Be2 h4 48. Bf1 Be8 49. Bg2 Bxb5 50. Bxd5 Bf1 51. Kf2 Bxh3 52. Bf3 Kc4 53.
d5 Kc5 54. Kg1 b5 55. Be2 b4 56. Kh2 Kxd5 57. Kxh3 b3 58. Bd3 Kd4 59. Bb1 Kc3
60. Kg2 Kb2 61. Bd3 Kc1 62. Kf3 b2 63. Ke4 b1=Q 64. Bxb1 Kxb1 65. Kd5 h3 66.
Ke6 h2 67. Kxf6 h1=Q 68. Kxg5 Qh7 69. Kf6 Qh6+ 70. Kf7 Qg5 71. f6 Qxg4 72. Ke7
Qb4+ 73. Ke8 Qb8+ 74. Ke7 Qe5+ 75. Kf7 Kc2 76. Kg6 Qg3+ 77. Kh6 Qh4+ 78. Kg6
Qg4+ 79. Kh7 Qf5+ 80. Kg7 Qg5+ 0-1

[Event "Druzynowe Mistrzostwa Polski - II Liga Seniorow"]
[Site "Ustron/Slaski Zwiazek Szachowy"]
[Date "2008.09.08"]
[Round "2.12"]
[White "Szydlowska, Marta"]
[Black "Rzepecka, Dorota"]
[Result "1-0"]
[WhiteTitle "k"]
[BlackTitle "I++"]
[WhiteElo "2032"]
[BlackElo "1924"]

1. d4 Nf6 2. Nf3 g6 3. Bf4 Bg7 4. e3 O-O 5. h3 d6 6. Be2 Nbd7 7. O-O b6 8. c4
a5 9. Nc3 Bb7 10. Bh2 Re8 11. Qc2 e5 12. dxe5 dxe5 13. Rfd1 Qe7 14. Nb5 Be4 15.
Qd2 Rac8 16. Ne1 Nc5 17. Bf3 Bxf3 18. Nxf3 Nfe4 19. Qc2 c6 20. Nc3 Nxc3 21.
Qxc3 e4 22. Nd4 Nd3 23. Qd2 c5 24. Nb5 Nxb2 25. Nd6 Rcd8 26. Qc2 Nxd1 27. Rxd1
Rf8 28. Rd5 f5 29. Qb1 Qf6 30. Be5 Qe6 31. Bxg7 Kxg7 32. Qxb6 Kg8 33. Qxc5 Rd7
34. Qd4 Rb8 35. Nxf5 Rb1+ 36. Kh2 Rbb7 37. Nh6+ Kf8 38. Qh8+ Ke7 39. Re5 Rb6
40. Ng8+ 1-0

[Event "Druzynowe Mistrzostwa Polski - II Liga S"]
[Site "Ustron/Slaski Zwiazek Szachowy"]
[Date "2008.09.07"]
[Round "2.13"]
[White "Mikrut, Dariusz"]
[Black "Dobosz, Henryk"]
[Result "0-1"]
[WhiteElo "2397"]
[BlackElo "2440"]
[PlyCount "66"]
[EventDate "2008.??.??"]

1. d4 d6 2. e4 g6 3. c4 Bg7 4. Nc3 e5 5. Nge2 Nc6 6. Be3 exd4 7. Nxd4 Nge7 8.
h4 h6 9. Qd2 f5 10. Nxc6 Nxc6 11. O-O-O Be6 12. exf5 Bxf5 13. c5 Qd7 14. Bb5 a6
15. Ba4 O-O-O 16. cxd6 Qxd6 17. Qxd6 Rxd6 18. Rxd6 cxd6 19. Rd1 Nb4 20. Rxd6
Be5 21. Rd2 Nd3+ 22. Kb1 Ne1+ 23. Kc1 Nd3+ 24. Kb1 Ne1+ 25. Kc1 Nxg2 26. Nd5
Kb8 27. Ne7 Nxh4 28. Rd5 Bc7 29. Bd2 Be6 30. Rd4 g5 31. Re4 Bh3 32. f4 Bg2 33.
Rb4 Bd6 0-1

[Event "Druzynowe Mistrzostwa Polski - II Liga S"]
[Site "Ustron/Slaski Zwiazek Szachowy"]
[Date "2008.09.07"]
[Round "2.14"]
[White "Niemiec, Artur"]
[Black "Szczechowicz, Bartosz"]
[Result "1-0"]
[WhiteElo "2230"]
[BlackElo "2270"]
[PlyCount "67"]
[EventDate "2008.??.??"]

1. e4 d6 2. d4 Nf6 3. Nc3 g6 4. Bg5 Bg7 5. Qd2 h6 6. Bh4 g5 7. Bg3 Nh5 8. Bc4
Nc6 9. Nge2 Bd7 10. f4 gxf4 11. Bh4 O-O 12. Nd5 Be6 13. Bb5 Bxd5 14. exd5 Nb8
15. Nxf4 Nxf4 16. Qxf4 c6 17. Bd3 Qd7 18. c3 cxd5 19. Qf3 f5 20. Qxd5+ e6 21.
Qb3 d5 22. O-O Nc6 23. Bg3 Nd8 24. Rae1 Nf7 25. Bb5 Qc8 26. c4 a6 27. cxd5
Bxd4+ 28. Kh1 e5 29. Be2 Qd7 30. Bh5 e4 31. d6 Kh8 32. Qd5 Bxb2 33. Rb1 Bg7 34.
Rxb7 1-0

[Event "Druzynowe Mistrzostwa Polski - II Liga S"]
[Site "Ustron/Slaski Zwiazek Szachowy"]
[Date "2008.09.07"]
[Round "2.15"]
[White "Betkowski, Andrzej"]
[Black "Komorzycki, Jakub"]
[Result "1/2-1/2"]
[WhiteElo "2201"]
[BlackElo "2139"]
[PlyCount "71"]
[EventDate "2008.??.??"]

1. d4 Nf6 2. Bg5 Ne4 3. Bf4 d6 4. f3 Nf6 5. e4 g6 6. Nc3 c6 7. Qd2 Qa5 8. Bd3
Nbd7 9. Nge2 e5 10. Bh6 Bxh6 11. Qxh6 exd4 12. Nxd4 Qb6 13. Nb3 a5 14. a4 Ne5
15. Qg7 Ke7 16. Qxh8 Qe3+ 17. Be2 b6 18. Nd1 Qg5 19. g3 Qh6 20. f4 Ned7 21. e5
dxe5 22. fxe5 Nxe5 23. O-O Ned7 24. Bf3 Bb7 25. Re1+ Kd6 26. Qxa8 Bxa8 27. Nc3
Qf8 28. Ne4+ Kc7 29. Nxf6 Nxf6 30. Re3 Nd7 31. Rae1 Qb4 32. Re4 Qd6 33. Rd1 Qf8
34. Rde1 Kd8 35. Rd1 Kc7 36. Rde1 1/2-1/2

[Event "Druzynowe Mistrzostwa Polski - II Liga S"]
[Site "Ustron/Slaski Zwiazek Szachowy"]
[Date "2008.09.07"]
[Round "2.16"]
[White "Moniszka, Krzysztof"]
[Black "Wozniak, Maciej"]
[Result "1-0"]
[WhiteElo "2097"]
[BlackElo "2221"]
[PlyCount "71"]
[EventDate "2008.??.??"]

1. e4 e5 2. Nf3 Nc6 3. Nc3 Nf6 4. Bb5 Nd4 5. Ba4 Nxf3+ 6. Qxf3 c6 7. O-O d6 8.
h3 Be6 9. Re1 Be7 10. Nd5 O-O 11. Nxe7+ Qxe7 12. c3 Nd7 13. Bc2 d5 14. d4 f5
15. exd5 Bxd5 16. Qh5 e4 17. Bf4 Qf6 18. Bb3 Qe6 19. Bxd5 Qxd5 20. b3 c5 21. c4
Nf6 22. cxd5 Nxh5 23. Bd6 cxd4 24. Bxf8 Kxf8 25. g4 Nf4 26. gxf5 Re8 27. Rad1
d3 28. d6 Re5 29. Re3 Nd5 30. Rdxd3 Nxe3 31. d7 exd3 32. d8=Q+ Kf7 33. fxe3
Rxe3 34. Qd5+ Kf6 35. Qd4+ Re5 36. Qxd3 1-0

[Event "Druzynowe Mistrzostwa Polski - II Liga S"]
[Site "Ustron/Slaski Zwiazek Szachowy"]
[Date "2008.09.07"]
[Round "2.17"]
[White "Kusina, Jan"]
[Black "Jonczyk, Krzysztof"]
[Result "1/2-1/2"]
[WhiteElo "2147"]
[BlackElo "2049"]
[PlyCount "54"]
[EventDate "2008.??.??"]

1. Nf3 b6 2. g3 Bb7 3. Bg2 e6 4. O-O d5 5. d4 Nf6 6. Bg5 Be7 7. Ne5 Nbd7 8. f4
Ne4 9. Bxe7 Qxe7 10. c3 f6 11. Nxd7 Qxd7 12. Nd2 h5 13. Nxe4 dxe4 14. e3 f5 15.
h4 Kf7 16. Rf2 Ba6 17. a4 g6 18. Rd2 c6 19. a5 Bd3 20. axb6 axb6 21. b3 Qb7 22.
Rda2 Rxa2 23. Rxa2 Ra8 24. Qa1 Rxa2 25. Qxa2 Qa6 26. Qxa6 Bxa6 27. c4 Ke7
1/2-1/2

[Event "Druzynowe Mistrzostwa Polski - II Liga S"]
[Site "Ustron/Slaski Zwiazek Szachowy"]
[Date "2008.09.07"]
[Round "2.18"]
[White "Maka-polkowska, Magdalena"]
[Black "Pokojska, Daria"]
[Result "0-1"]
[WhiteElo "2056"]
[BlackElo "2150"]
[PlyCount "58"]
[EventDate "2008.??.??"]

1. e4 c5 2. Nc3 Nc6 3. d3 e6 4. g3 g6 5. Bg2 Bg7 6. Be3 d6 7. Qd2 Rb8 8. f4
Nge7 9. Nf3 Nd4 10. O-O O-O 11. Rae1 b5 12. e5 Nef5 13. Bf2 Bb7 14. Nxd4 cxd4
15. Nd1 Bxg2 16. Kxg2 dxe5 17. fxe5 Qd5+ 18. Kg1 Bxe5 19. c3 Bg7 20. g4 Ne7 21.
cxd4 Bxd4 22. Nc3 Bxf2+ 23. Qxf2 Qxd3 24. Qxa7 Nc6 25. Qc7 Rbc8 26. Qb7 Na5 27.
Qxb5 Rxc3 28. Qxa5 Qd4+ 29. Kh1 Rc2 0-1

[Event "Druzynowe Mistrzostwa Polski - II Liga S"]
[Site "Ustron/Slaski Zwiazek Szachowy"]
[Date "2008.09.07"]
[Round "2.19"]
[White "Grabowski, Pawel"]
[Black "Cichocki, Adam"]
[Result "1/2-1/2"]
[WhiteElo "2296"]
[BlackElo "2320"]
[PlyCount "37"]
[EventDate "2008.??.??"]

1. d4 d5 2. Nf3 Nf6 3. g3 c6 4. Bg2 Bf5 5. O-O Nbd7 6. b3 e6 7. Bb2 Be7 8. Nbd2
a5 9. Ne5 a4 10. c4 O-O 11. Re1 Bb4 12. a3 Bxd2 13. Qxd2 axb3 14. Nxd7 Qxd7 15.
Qb4 Bc2 16. c5 Qe7 17. e3 Rab8 18. f3 b5 19. Bf1 1/2-1/2

[Event "Druzynowe Mistrzostwa Polski - II Liga S"]
[Site "Ustron/Slaski Zwiazek Szachowy"]
[Date "2008.09.07"]
[Round "2.20"]
[White "Dlugosz, Jedrzej"]
[Black "Stuczynski, Andrzej"]
[Result "1-0"]
[WhiteElo "2340"]
[BlackElo "2253"]
[PlyCount "74"]
[EventDate "2008.??.??"]

1. e4 e5 2. Bc4 Nf6 3. d3 Nc6 4. Nf3 Be7 5. c3 O-O 6. O-O d6 7. Nbd2 h6 8. Re1
Nh7 9. Nf1 Ng5 10. Nxg5 Bxg5 11. Ng3 g6 12. Rf1 Qf6 13. Ne2 Bxc1 14. Rxc1 g5
15. Ng3 Kh7 16. Bb3 Nd8 17. d4 Ne6 18. Bxe6 fxe6 19. Nh5 Qh8 20. dxe5 Qxe5 21.
Qd4 Qxd4 22. cxd4 Kg6 23. g4 e5 24. f3 c6 25. dxe5 dxe5 26. Rc5 Re8 27. Rd1 Be6
28. Rxe5 Kf7 29. Rd6 Re7 30. Kf2 a5 31. a3 Ra6 32. Kg3 Rb6 33. Rxa5 Rxb2 34. h4
b6 35. Re5 c5 36. hxg5 hxg5 37. Rxg5 c4 1-0

[Event "Druzynowe Mistrzostwa Polski - II Liga S"]
[Site "Ustron/Slaski Zwiazek Szachowy"]
[Date "2008.09.07"]
[Round "2.21"]
[White "Zolnierowicz, Krzysztof"]
[Black "Murawski, Wieslaw"]
[Result "1-0"]
[WhiteElo "2272"]
[BlackElo "2097"]
[PlyCount "76"]
[EventDate "2008.??.??"]

1. e4 e5 2. Nf3 Nc6 3. Bb5 a6 4. Ba4 Nf6 5. O-O Be7 6. Re1 b5 7. Bb3 d6 8. c3
O-O 9. a4 Rb8 10. axb5 axb5 11. d4 exd4 12. cxd4 Bg4 13. Be3 Nb4 14. Nc3 c5 15.
dxc5 dxc5 16. e5 Nd7 17. e6 Bxf3 18. exf7+ Kh8 19. Qxf3 Ne5 20. Qe4 Ned3 21.
Re2 c4 22. Bd1 Bf6 23. Ra7 Qc8 24. Bc2 Nxc2 25. Rxc2 Nb4 26. Rd2 Nc6 27. Rad7
Ne5 28. R7d5 b4 29. Nb5 Nxf7 30. Rh5 h6 31. Nd4 c3 32. bxc3 bxc3 33. Rd1 Nd6
34. Qd5 Nc4 35. Bxh6 gxh6 36. Rxh6+ Kg7 37. Rh3 Rd8 38. Rg3+ Kf8 1-0

[Event "Druzynowe Mistrzostwa Polski - II Liga S"]
[Site "Ustron/Slaski Zwiazek Szachowy"]
[Date "2008.09.07"]
[Round "2.22"]
[White "Kolosowski, Pawel"]
[Black "Gawronski, Miroslaw"]
[Result "1-0"]
[WhiteElo "2309"]
[BlackElo "2279"]
[PlyCount "63"]
[EventDate "2008.??.??"]

1. e4 d6 2. d4 Nf6 3. Nc3 c6 4. a4 Qc7 5. Be3 e5 6. Nf3 Be7 7. Bc4 h6 8. O-O
Nbd7 9. Ba2 Nf8 10. Qd3 Ng6 11. Qc4 O-O 12. h3 Kh8 13. Rfd1 a6 14. d5 Bd7 15.
dxc6 bxc6 16. Qd3 Nh5 17. Qd2 Kh7 18. Bc5 Bxh3 19. Bxd6 Qc8 20. Bxe7 Qg4 21.
Ne1 Nxe7 22. f3 Qg6 23. Qf2 Nf4 24. Kh2 Bc8 25. Qh4 Re8 26. Rd2 h5 27. Ne2 Qh6
28. Nxf4 exf4 29. Bxf7 Ng6 30. Bxg6+ Qxg6 31. Qxf4 Be6 32. Rad1 1-0

[Event "Druzynowe Mistrzostwa Polski - II Liga S"]
[Site "Ustron/Slaski Zwiazek Szachowy"]
[Date "2008.09.07"]
[Round "2.23"]
[White "Paszek, Krzysztof"]
[Black "Kempinski, Tomasz"]
[Result "1/2-1/2"]
[WhiteElo "2126"]
[BlackElo "2260"]
[PlyCount "23"]
[EventDate "2008.??.??"]

1. d4 Nf6 2. Bg5 Ne4 3. Bf4 d5 4. e3 e6 5. Bd3 Nf6 6. Nd2 c5 7. c3 cxd4 8. exd4
Bd6 9. Bxd6 Qxd6 10. Ngf3 Nc6 11. O-O O-O 12. Re1 1/2-1/2

[Event "Druzynowe Mistrzostwa Polski - II Liga S"]
[Site "Ustron/Slaski Zwiazek Szachowy"]
[Date "2008.09.07"]
[Round "2.24"]
[White "Bukowska, Katarzyna"]
[Black "Flazinska, Anna"]
[Result "1/2-1/2"]
[WhiteElo "2040"]
[BlackElo "1829"]
[PlyCount "83"]
[EventDate "2008.??.??"]

1. e4 c5 2. Nf3 d6 3. d4 cxd4 4. Nxd4 Nf6 5. Nc3 a6 6. Be2 e5 7. Nf3 Be7 8. O-O
O-O 9. Re1 h6 10. h3 Be6 11. Bf1 Nbd7 12. a4 Nc5 13. b4 Ncd7 14. Nd5 Bxd5 15.
exd5 a5 16. c4 axb4 17. Bd2 Nc5 18. Bxb4 Nfe4 19. Bxc5 Nxc5 20. Nd2 f5 21. Qc2
Qb6 22. Reb1 Qa7 23. Nb3 Ne4 24. Bd3 Bh4 25. Bxe4 fxe4 26. c5 Bxf2+ 27. Kh1 e3
28. cxd6 Qa6 29. Ra2 Qxd6 30. Qd3 Rf4 31. a5 Rd8 32. Rd1 Ra8 33. Rc2 Rh4 34.
Qf5 Re8 35. Rc8 Rxc8 36. Qxc8+ Kh7 37. Qf5+ Kg8 38. Rc1 Qf6 39. Rc8+ Kf7 40.
Rc7+ Kg8 41. Rc8+ Kf7 42. Rc7+ 1/2-1/2

[Event "Druzynowe Mistrzostwa Polski - II Liga S"]
[Site "Ustron/Slaski Zwiazek Szachowy"]
[Date "2008.09.07"]
[Round "2.26"]
[White "Chojnacki, Slawomir"]
[Black "Kacprzak, Robert"]
[Result "1/2-1/2"]
[WhiteElo "2263"]
[BlackElo "1888"]
[PlyCount "79"]
[EventDate "2008.??.??"]

1. d4 Nf6 2. Nf3 e6 3. c4 c5 4. e3 cxd4 5. exd4 d5 6. Nc3 Be7 7. Bd3 O-O 8. O-O
Nc6 9. a3 dxc4 10. Bxc4 b6 11. Qe2 Bb7 12. Rd1 Na5 13. Ba2 Nd5 14. Bd2 Rc8 15.
Rac1 Nxc3 16. Bxc3 Bd5 17. Bxd5 Qxd5 18. Bxa5 Qxa5 19. Rxc8 Rxc8 20. d5 Bf6 21.
dxe6 Re8 22. exf7+ Kxf7 23. Qc4+ Kf8 24. Rd7 Re7 25. Rd8+ Re8 26. Rxe8+ Kxe8
27. a4 Qf5 28. h3 Qb1+ 29. Kh2 Qxb2 30. Qe4+ Kd7 31. Qb7+ Kd6 32. Qxa7 Qxf2 33.
Qb8+ Kd5 34. Qb7+ Kd6 35. Qa6 Qc5 36. Qd3+ Kc6 37. Qe4+ Kd6 38. Qxh7 Be5+ 39.
Nxe5 Qxe5+ 40. Kg1 1/2-1/2

[Event "Druzynowe Mistrzostwa Polski - II Liga S"]
[Site "Ustron/Slaski Zwiazek Szachowy"]
[Date "2008.09.07"]
[Round "2.27"]
[White "Rychlik, Piotr"]
[Black "Najbar, Marcin"]
[Result "1-0"]
[WhiteElo "2074"]
[BlackElo "2230"]
[PlyCount "43"]
[EventDate "2008.??.??"]

1. Nf3 c5 2. g3 Nc6 3. Bg2 g6 4. e4 Bg7 5. O-O e6 6. c3 d5 7. d3 Nge7 8. Qe2 b6
9. Re1 Bb7 10. Nbd2 Qd7 11. e5 h6 12. Nf1 O-O-O 13. d4 cxd4 14. cxd4 Kb8 15.
Bd2 Rc8 16. Ne3 Ka8 17. b4 Nf5 18. Nxf5 gxf5 19. Rec1 Qe7 20. a3 Nb8 21. Qd3
Qd7 22. b5 1-0

[Event "Druzynowe Mistrzostwa Polski - II Liga S"]
[Site "Ustron/Slaski Zwiazek Szachowy"]
[Date "2008.09.07"]
[Round "2.28"]
[White "Krzywda, Andrzej"]
[Black "Szmyd, Marek"]
[Result "1-0"]
[WhiteElo "2163"]
[BlackElo "2199"]
[PlyCount "35"]
[EventDate "2008.??.??"]

1. d4 Nf6 2. c4 e6 3. Nf3 d5 4. g3 Be7 5. Bg2 O-O 6. O-O b6 7. Nc3 Bb7 8. Ne5
Nbd7 9. Qa4 Nxe5 10. dxe5 Ne4 11. Nxe4 dxe4 12. Rd1 Qe8 13. Qc2 Qc6 14. Rd4 Qc5
15. Rd7 Bc8 16. Be3 Qxe5 17. Bd4 Qg5 18. h4 1-0

[Event "Druzynowe Mistrzostwa Polski - II Liga S"]
[Site "Ustron/Slaski Zwiazek Szachowy"]
[Date "2008.09.07"]
[Round "2.29"]
[White "Kowalczuk, Wojciech"]
[Black "Malecki, Rafal"]
[Result "0-1"]
[WhiteElo "2201"]
[BlackElo "2118"]
[PlyCount "42"]
[EventDate "2008.??.??"]

1. e4 d6 2. d4 Nf6 3. Bd3 e5 4. c3 g6 5. f4 Nh5 6. Ne2 Qh4+ 7. g3 Qh3 8. fxe5
dxe5 9. Ng1 Qg2 10. Qf3 Bh3 11. Be2 exd4 12. Nxh3 Qxh3 13. Bc4 f6 14. e5 Nc6
15. exf6 O-O-O 16. Qe2 Rd6 17. f7 Nxg3 18. Qe8+ Nd8 19. Qe5 Nxh1 20. Bg5 Qg2
21. Nd2 dxc3 0-1